Normal view
MARC view
Entry Topical Term
001 - CONTROL NUMBER
- control field: 35716
003 - CONTROL NUMBER IDENTIFIER
- control field: OSt
005 - DATE AND TIME OF LATEST TRANSACTION
- control field: 20160129171254.0
008 - FIXED-LENGTH DATA ELEMENTS
- fixed length control field: 160129|| aca||aabn | a|a d
040 ## - CATALOGING SOURCE
- Original cataloging agency: OSt
- Transcribing agency: OSt
150 ## - HEADING--TOPICAL TERM
- Topical term or geographic name entry element: Essays
670 ## - SOURCE DATA FOUND
- Source citation: Work cat.: (OSt)32217: Habib, Irfan 35715, State and Diplomacy under Tipu Sultan, 2001









